A CRITICAL HISTORY OF ENGLISH LITERATURE (Record no. 14907)
[ view plain ]
| 000 -LEADER | |
|---|---|
| fixed length control field | 00509cam a2200193ua 4500 |
| 008 - FIXED-LENGTH DATA ELEMENTS--GENERAL INFORMATION | |
| fixed length control field | 161026n II |||gr||||Z||||||eng |
| 040 ## - CATALOGING SOURCE | |
| Original cataloging agency | MAIN |
| 041 ## - LANGUAGE CODE | |
| -- | English |
| 082 ## - DEWEY DECIMAL CLASSIFICATION NUMBER | |
| Classification number | 820 DAI |
| 100 ## - MAIN ENTRY--PERSONAL NAME | |
| Personal name | DAICHES , DAVID . |
| 245 ## - TITLE STATEMENT | |
| Title | A CRITICAL HISTORY OF ENGLISH LITERATURE |
| 250 ## - EDITION STATEMENT | |
| Edition statement | Rev. |
| 260 ## - PUBLICATION, DISTRIBUTION, ETC. | |
| Place of publication, distribution, etc. | NEW DELHI: |
| Name of publisher, distributor, etc. | RANDOM HOUSE PUBLICATION, |
| Date of publication, distribution, etc. | 1994. |
| 300 ## - PHYSICAL DESCRIPTION | |
| Extent | 534.: |
| Dimensions | 23CM. |
| 700 ## - ADDED ENTRY--PERSONAL NAME | |
| Personal name | DAICHES , DAVID ., |
| Relator term | AUTHOR. |
| 942 ## - ADDED ENTRY ELEMENTS (KOHA) | |
| Koha item type | Books |
| 653 ## - INDEX TERM--UNCONTROLLED | |
| Uncontrolled term | English.& Old English literatures |
| Withdrawn status | Lost status | Damaged status | Not for loan | Collection code | Home library | Current library | Shelving location | Date acquired | Total Checkouts | Total Renewals | Full call number | Barcode | Date due | Date last seen | Date last checked out | Copy number | Price effective from | Koha item type | Public note |
|---|---|---|---|---|---|---|---|---|---|---|---|---|---|---|---|---|---|---|---|
| TBENG | Central Library and Information Centre Sibsagar Girls College | Central Library and Information Centre Sibsagar Girls College | ENGLISH BOOK RACK | 13.07.2008 | 2 | 1 | 820 DAI | 23212 | 29.04.2021 | 04.03.2021 | 04.03.2021 | 1 | 27.02.2020 | Books | V | ||||
| TBENG | Central Library and Information Centre Sibsagar Girls College | Central Library and Information Centre Sibsagar Girls College | ENGLISH REFERENCE RACK | 13.07.2008 | 1 | 820 DAI | 23213 | 14.02.2026 | 24.01.2026 | 2 | 27.02.2020 | Books | V |